Situation of herpes virus on non human primate in Cambodia and its diagnostic method at pasteur institute in Cambodia; ស្ថានភាពវីរុសអ៊ែរប៉េសនោលើសត្វស្វានៅប្រទេសកម្ពុជា និងវិធីសាស្ត្រវិនិច្ឆ័យវីរុសអ៊ែរប៉េសនៅវិទ្យាស្ថានប៉ាស្ទ័រ (Record no. 9288)

000 -LEADER
fixed length control field 00768nam a22001337a 4500
040 ## - CATALOGING SOURCE
Transcribing agency RUA
082 ## - DEWEY DECIMAL CLASSIFICATION NUMBER
Classification number VEM TOP 2015 B509 Or.
100 ## - MAIN ENTRY--AUTHOR NAME
Personal name TOP CHAKRIYOUTH; តុប ចក្រៃយុត្តិ
245 ## - TITLE STATEMENT
Title Situation of herpes virus on non human primate in Cambodia and its diagnostic method at pasteur institute in Cambodia; ស្ថានភាពវីរុសអ៊ែរប៉េសនោលើសត្វស្វានៅប្រទេសកម្ពុជា និងវិធីសាស្ត្រវិនិច្ឆ័យវីរុសអ៊ែរប៉េសនៅវិទ្យាស្ថានប៉ាស្ទ័រ
260 ## - PUBLICATION, DISTRIBUTION, ETC. (IMPRINT)
Place of publication RUA
Name of publisher Phnom Penh
Year of publication 2015
300 ## - PHYSICAL DESCRIPTION
Number of Pages ix;40p.
Other physical details ill.
Dimensions 29cm.
856 ## - ELECTRONIC LOCATION AND ACCESS
Uniform Resource Identifier TOP CHAKRIYOUTH
942 ## - ADDED ENTRY ELEMENTS (KOHA)
Koha item type VEM
952 ## - LOCATION AND ITEM INFORMATION (KOHA)
Withdrawn status [LOCAL, KOHA] 0
952 ## - LOCATION AND ITEM INFORMATION (KOHA)
Withdrawn status [LOCAL, KOHA] 0
952 ## - LOCATION AND ITEM INFORMATION (KOHA)
Withdrawn status [LOCAL, KOHA] 0
952 ## - LOCATION AND ITEM INFORMATION (KOHA)
Withdrawn status [LOCAL, KOHA] 0
952 ## - LOCATION AND ITEM INFORMATION (KOHA)
Withdrawn status [LOCAL, KOHA] 0
952 ## - LOCATION AND ITEM INFORMATION (KOHA)
Withdrawn status [LOCAL, KOHA] 0
952 ## - LOCATION AND ITEM INFORMATION (KOHA)
Withdrawn status [LOCAL, KOHA] 0
952 ## - LOCATION AND ITEM INFORMATION (KOHA)
Withdrawn status [LOCAL, KOHA] 0
952 ## - LOCATION AND ITEM INFORMATION (KOHA)
Withdrawn status [LOCAL, KOHA] 0
952 ## - LOCATION AND ITEM INFORMATION (KOHA)
Withdrawn status [LOCAL, KOHA] 0
Holdings
Permanent Location Date acquired Koha item type Lost status Barcode Shelving location Current Location Full call number
Library Block B2016-08-30VEM RUA061854 Library Block BVEM TOP 2015 B509 Or.1
Library Block B2016-08-30VEM RUA061794 Library Block BVEM TOP 2015 B509 Or.2
Library Block B2016-08-30VEM RUA061674 Library Block BVEM TOP 2015 B509 Or.3
Library Block B2016-08-30VEM RUA061614 Library Block BVEM TOP 2015 B509 Or.4
Library Block B2016-08-30VEM RUA062274 Library Block BVEM TOP 2015 B509 Or.5
Library Block B2016-08-30VEM RUA061954 Library Block BVEM TOP 2015 B509 Or.6
Library Block B2016-08-30VEM RUA061912 Library Block BVEM TOP 2015 B509 Or.7
Library Block B2016-08-30VEM RUA062627 Library Block BVEM TOP 2015 B509 Or.8
Library Block B2021-11-15VEM A066909B692Library Block BVEM TOP 2015 B692 Or.
Library Block B2021-11-15VEM A066969B692Library Block BVEM TOP 2015 B692 Or.
មជ្ឈមណ្ឌលឯការនៃសាកលវិទ្យាល័យភូមិន្ទកសិកម្មចំការដូង

Powered by Koha